Statistics for Biggest Countries in 1500

Click here to take the quiz!

General Stats

  • This quiz has been taken 169 times
  • The average score is 10 of 15

Answer Stats

PopulationCountry of 1500% Correct
125 000 000Ming Empire
97%
16 250 000Domains of the French Crown
96%
8 550 000Spanish Empire
93%
11 000 000Ottoman Empire
88%
2 750 000Crown of England
85%
3 000 000Kingdom of Portugal
79%
17 000 000Ashikaga shogunate
74%
16 000 000The Holy Roman Empire
70%
7 500 000Polish - Lithuanian Union
66%
6 000 000Aztec Empire
46%
12 000 000Inca Empire
43%
4 000 000Union of Kingdom of Hungary and Kingdom of Croatia
40%
2 000 000Kingdom of Naples
35%
2 000 000Papal States
33%
4 000 000Vijayanagara Empire
8%

Score Distribution

Percentile by Number Answered

Percent of People with Each Score

Your Score History

You have not taken this quiz